00543nam a2200217Ia 450000500170000000800410001702000150005804100080007308200100008110000290009124500590012025000110017926000270019026000170021730000080023465000160024265000120025865000220027065000230029201000100031520250425162223.0250425s9999 xx 000 0 und d a950892022X aspa a153.1 aGALAGOVSKY KURMAN, LYDIA 0aREDES CONCEPTUALES APRENDIZAJE, COMUNICACION Y MEMORIA a1A ED. aArgentinabLUGARc1996 aBUENOS AIRES a188 aAPRENDIZAJE aMEMORIA aPROCESOS MENTALES aREDES CONCEPTUALES a57740